Números y figuras 8: area matemática, EGB, Libro básico de consulta

Gespeichert in:
Bibliographische Detailangaben
1. Verfasser: Pérez Gómez de Tejeda José María (VerfasserIn)
Format: Buch
Sprache:Spanisch
Erschienen: León España Everest 1974
Katalog:MANES:  Suchergebnis im Bibliothekskatalog
Schulbuchspezifische Eigenschaften:
Tags: Tag hinzufügen
Keine Tags, Fügen Sie den ersten Tag hinzu!
Hinzugefügt zu:20.05.2019
Geändert in:07.05.2025

MARC

LEADER 00000nam a2200000Ia 4500
003 aOSt
005 20250507133413.0
008 190521s9999 xx 000 0 spa d
561 |5 es-CICE  |3 FMa/M181  |a España. Centro Internacional de la Cultura Escolar  |k MANES 
999 |c 104607  |d 104607 
040 |c Centro_internacional de la cultura escolar  |a centro_manes 
080 |a 372.851 
100 |a Pérez Gómez de Tejeda José María  |9 35369  |e Autor 
245 1 1 |a Números y figuras 8: area matemática, EGB, Libro básico de consulta 
255 |a 2ª ed 
260 |a León España  |b Everest  |c 1974 
300 |a 168 p.  |c 30 x 21.5 cm. 
500 |a Contiene ejercicios para el alumno 
546 |a España 
690 0 |a MATE 
691 0 |a PRI 
942 |c BK  |2 ddc 
999 |c manes:104607  |d 104607